| 000 | 00447nam a2200169Ia 4500 | ||
|---|---|---|---|
| 008 | 230917s9999||||xx |||||||||||||| ||und|| | ||
| 020 | _cRS650 | ||
| 040 |
_e237473 _aMAIN |
||
| 041 | _aEnglish | ||
| 082 | _a327.54 G658I | ||
| 100 | _aGordon, Sandy | ||
| 245 | 0 | _aIndia's rise as an Asian power | |
| 260 |
_aNew Delhi _bFoundation Books _c2014 |
||
| 300 | _a264 p. | ||
| 500 | _a2579 20/01/2017 HBD17/6801 25/01/2017 Main Budget | ||
| 942 | _cBK | ||
| 999 |
_c21102 _d21102 |
||